Tridt︠s︡atʹ dve novelly o monakhakh /

Bibliographic Details
Uniform Title:Bharaṭakadvātriṃṣikā.
Other Authors: Serebri︠a︡kov, I. D. (Igorʹ Dmitrievich)
Format: Book
Language:Russian
Published: Moskva : Gos. izd-vo khudozhestvennoĭ lit-ry, 1962.
Subjects:

MARC

Tag First Indicator Second Indicator Subfields
LEADER 00000cam a2200000Ia 4500
001 in00001614021
005 20151023053657.0
008 951205s1962 ru 000 1 rusod
035 |a (OCoLC)ocm33852194 
040 |a OSU  |c OSU  |d TXA  |d UtOrBLW 
041 1 |a rus  |h san 
049 |a TXAM 
090 |a PK3791.B2  |b R9 1962 
130 0 |a Bharaṭakadvātriṃṣikā.  |l Russian. 
245 1 0 |a Tridt︠s︡atʹ dve novelly o monakhakh /  |c perevod s sanskrita I. Serebri︠a︡kova ; [posleslovie A. Pi︠a︡tigorskogo]. 
264 1 |a Moskva :  |b Gos. izd-vo khudozhestvennoĭ lit-ry,  |c 1962. 
300 |a 100 pages ;  |c 17 cm. 
336 |a text  |b txt  |2 rdacontent 
337 |a unmediated  |b n  |2 rdamedia 
338 |a volume  |b nc  |2 rdacarrier 
500 |a Translated from the Sanskrit text of: The thirty two Bharataka stories / edited by J. Hertel. Leipzig, 1921. 
650 0 |a Sanskrit literature  |x Translations into Russian. 
700 1 |a Serebri︠a︡kov, I. D.  |q (Igorʹ Dmitrievich) 
948 |a cataloged  |b h  |c 2001/5/29  |d c  |e spoltoratski  |f 6:17:48 pm 
994 |a E0  |b TXA 
999 |a MARS 
999 f f |s 49db2714-5414-356c-9cec-fa670b4a0edb  |i d6dcee35-261b-3735-92ee-d096776e4381  |t 0 
952 f f |p ric  |a Texas A&M University  |b Rellis Campus  |c Joint Library Facility  |d Remote Storage  |t 0  |e PK3791.B2 R9 1962  |h Library of Congress classification  |i unmediated -- volume  |m A14827712120 
998 f f |a PK3791.B2 R9 1962  |t 0  |l Remote Storage